| 000 | 03366cam a2200529 i 4500 | ||
|---|---|---|---|
| 999 |
_c3356 _d3356 |
||
| 001 | ocn768299148 | ||
| 003 | OCoLC | ||
| 005 | 20170825120643.0 | ||
| 008 | 120720s2012 enk b 001 0 eng | ||
| 010 | _a 2012406282 | ||
| 016 | 7 |
_aBB0978971X _2JP-ToKJK |
|
| 020 |
_a9781107693876 _q(paperback) |
||
| 020 |
_a110769387X _q(paperback) |
||
| 029 | 1 |
_aAU@ _b000048178744 |
|
| 029 | 1 |
_aAU@ _b000049249069 |
|
| 029 | 1 |
_aAU@ _b000049549677 |
|
| 029 | 1 |
_aAU@ _b000053591101 |
|
| 029 | 1 |
_aAU@ _b000053707430 |
|
| 029 | 1 |
_aAU@ _b000054044552 |
|
| 029 | 1 |
_aAU@ _b000054314651 |
|
| 029 | 1 |
_aAU@ _b000057186377 |
|
| 029 | 1 |
_aAU@ _b000057413701 |
|
| 029 | 1 |
_aNZ1 _b14294402 |
|
| 029 | 1 |
_aUNITY _b132497549 |
|
| 035 | _a(OCoLC)768299148 | ||
| 040 |
_aDLC _beng _erda _cDLC _dAU@ _dYNK _dYDXCP _dCDX _dUAT _dBWX _dMST _dWLL _dOCLCF _dOCLCQ _dFC@ _dNJK _dQE2 |
||
| 042 | _apcc | ||
| 049 | _aTZAA | ||
| 050 | 0 | 0 |
_aHV10.5 _b.I34 2012 |
| 055 | 3 |
_aHV40 _b.I34 2012 |
|
| 082 | 0 | 4 |
_a323.01 _223 |
| 100 | 1 |
_aIfe, Jim, _d1946- |
|
| 245 | 1 | 0 |
_aHuman Rights and Social Work : _bTowards rights-based practice / _cJim Ife. |
| 250 | _aThird edition. | ||
| 300 |
_ax, 356 pages ; _c23 cm |
||
| 504 | _aIncludes bibliographical references (pages 338-353) and index. | ||
| 505 | 0 | 0 |
_tHuman rights in a globalised world -- _tHuman rights in a globalised world -- _tPublic and private human rights -- _tCulture and human rights -- _tHuman rights and human needs -- _tHuman rights and obligations -- _tEthics and human rights -- _tParticipation in the human rights discourse -- _tConstructing human rights for social work practice -- _tAchieving human rights through social work practice -- _tRespecting human rights in social work practice -- _tConclusion: prospects for human rights practice. |
| 520 | _a"Now in its third edition, Human Rights and Social Work explores how the principles of human rights inform contemporary social work practice. Both human rights and social work have traditionally been understood through the lens of an Enlightenment world view. Jim Ife explores the implications of this Enlightenment heritage for social work, and the possibilities of 'post-Enlightenment' practice, in a way that is accessible, direct and engaging. The world has changed significantly since the publication of the first edition in 2001 and this book is situated firmly within the context of present-day debates, concerns and crises. It covers the importance of relating human rights to the non-human world, as well as the consequences of political and ecological uncertainty. By examining the evolving nature of human rights, Ife encourages social workers to apply a human rights framework to their practice. Featuring examples, further readings and a glossary, this book enables readers to identify and investigate the important issues and questions arising from human rights and social work. Now more than ever, Human Rights and Social Work is an indispensable resource for students, scholars and practitioners alike."--Publisher Description. | ||
| 600 | _2on order | ||
| 650 | 0 |
_aSocial service _xMoral and ethical aspects. |
|
| 650 | 0 |
_aSocial workers _xProfessional ethics. |
|
| 650 | 0 | _aHuman rights. | |
| 650 | 7 |
_aHuman rights. _2fast |
|
| 650 | 7 |
_aSocial service _xMoral and ethical aspects. _2fast |
|
| 650 | 7 |
_aSocial workers _xProfessional ethics. _2fast |
|
| 942 |
_2lcc _cBOOK |
||